[Event "Oberliga Ost A 2017 2018"]
[Site "Germany"]
[Date "2018.01.21"]
[Round "5.1"]
[White "Richter, Leonard"]
[Black "Wegener, Dirk"]
[Result "0-1"]
[WhiteElo "2268"]
[BlackElo "2373"]
[PlyCount "144"]
[EventDate "2017.10.22"]
[EventType "team-tourn"]
[EventCountry "GER"]
[WhiteTeam "Leipzig SG II"]
[BlackTeam "Dresden USV TU II"]
[WhiteTeamCountry "GER"]
[BlackTeamCountry "GER"]

1. e4 e6 2. d4 d5 3. Nc3 Bb4 4. e5 c5 5. a3 Bxc3+ 6. bxc3 Ne7 7. Qg4 Qc7 8. Bd3
Nbc6 9. Qxg7 Rg8 10. Qf6 cxd4 11. Nf3 Nf5 12. Bxf5 exf5 13. O-O dxc3 14. Re1
Be6 15. Ng5 Kd7 16. Nxh7 Nd4 17. Rd1 Nf3+ 18. Kh1 Rg6 19. gxf3 Rxf6 20. Nxf6+
Kc6 21. f4 b6 22. Be3 Kb7 23. h4 Qc4 24. h5 Rh8 25. a4 Bd7 26. a5 d4 27. a6+
Kc8 28. Rxd4 Bc6+ 29. Kg1 Qe2 30. Rd6 Qf3 31. Rxc6+ Qxc6 32. Ra3 Rd8 33. Ra1
Qf3 34. h6 Qh3 35. h7 Kc7 36. Rf1 Kc6 37. f3 Qg3+ 38. Kh1 Rh8 39. Rf2 Qh3+ 40.
Kg1 Rxh7 41. Nxh7 Qxh7 42. Kf1 Kb5 43. Ke2 Qg8 44. Kd3 Qc8 45. Bd4 Qc4+ 46. Ke3
Kxa6 47. Re2 Kb5 48. Re1 Qb4 49. Rd1 Kc4 50. e6 fxe6 51. Be5 Qb2 52. Rd4+ Kb5
53. Kd3 Qa1 54. Rd6 Kc5 55. Rd4 b5 56. Bd6+ Kb6 57. Bb4 Qd1+ 58. Kxc3 Qxf3+ 59.
Kd2 Qf2+ 60. Kd3 Qg3+ 61. Kd2 e5 62. fxe5 Qxe5 63. c3 f4 64. Rd6+ Kc7 65. Rd3
Kc6 66. Kd1 Qh5+ 67. Ke1 Qh1+ 68. Kf2 Qe4 69. Rh3 Qc2+ 70. Kf3 Qd3+ 71. Kg4
Qd7+ 72. Kh4 Qf5 0-1

[Event "Oberliga Ost A 2017 2018"]
[Site "Germany"]
[Date "2018.01.21"]
[Round "5.2"]
[White "Osmanodja, Filiz"]
[Black "Schunk, Thomas"]
[Result "1/2-1/2"]
[WhiteElo "2273"]
[BlackElo "2152"]
[PlyCount "92"]
[EventDate "2017.10.22"]
[EventType "team-tourn"]
[EventCountry "GER"]
[WhiteTeam "Dresden USV TU II"]
[BlackTeam "Leipzig SG II"]
[WhiteTeamCountry "GER"]
[BlackTeamCountry "GER"]

1. e4 e5 2. Nf3 d6 3. d4 Nf6 4. Nc3 Nbd7 5. Bc4 Be7 6. O-O O-O 7. Re1 c6 8. a4
Qc7 9. a5 b5 10. axb6 Nxb6 11. Bd3 Bg4 12. Be3 Nfd7 13. h3 Bh5 14. Be2 Bg6 15.
Nd2 d5 16. dxe5 dxe4 17. Ncxe4 Nxe5 18. Qc1 Rfe8 19. b3 Nd5 20. Bd4 f5 21. Qb2
Bb4 22. Nc3 Nf4 23. Bf1 Bf7 24. g3 Nh5 25. Bg2 a5 26. Na4 Nd7 27. c3 Bf8 28.
Qc2 g6 29. c4 Bb4 30. Rad1 Rad8 31. Rxe8+ Rxe8 32. Nf3 h6 33. Ba1 Kh7 34. Nd4
Ne5 35. f4 Nd7 36. Nxf5 Nb6 37. Nxb6 Qxb6+ 38. Nd4 Nxg3 39. Kh2 Nh5 40. Nxc6
Qe3 41. Nxb4 Qg3+ 42. Kg1 Re1+ 43. Rxe1 Qxe1+ 44. Kh2 Qg3+ 45. Kg1 Qe1+ 46. Kh2
Qg3+ 1/2-1/2

[Event "Oberliga Ost A 2017 2018"]
[Site "Germany"]
[Date "2018.01.21"]
[Round "5.3"]
[White "Weitzer, Steffen"]
[Black "Kukel, Imre"]
[Result "1-0"]
[WhiteElo "2236"]
[BlackElo "2253"]
[PlyCount "97"]
[EventDate "2017.10.22"]
[EventType "team-tourn"]
[EventCountry "GER"]
[WhiteTeam "Leipzig SG II"]
[BlackTeam "Dresden USV TU II"]
[WhiteTeamCountry "GER"]
[BlackTeamCountry "GER"]

1. d4 Nf6 2. Nf3 g6 3. Bf4 Bg7 4. e3 d6 5. h3 O-O 6. c3 Nbd7 7. Bc4 c5 8. O-O
b6 9. a4 a6 10. Re1 Bb7 11. Na3 Ra7 12. Bf1 Qa8 13. Nd2 Re8 14. Nac4 Bc6 15.
Bh2 Rc7 16. Qe2 Ne4 17. Nxe4 Bxe4 18. f3 Bb7 19. Qf2 Rec8 20. Nd2 Qa7 21. Qh4
Nf8 22. Kh1 Bc6 23. Bf4 Ne6 24. Bh6 Bf6 25. Qg3 Qb7 26. Bd3 b5 27. axb5 axb5
28. Ne4 Bxe4 29. Bxe4 d5 30. Bf5 b4 31. Bxe6 fxe6 32. Qg4 Kf7 33. Qf4 cxd4 34.
cxd4 Qb6 35. Rad1 Qd6 36. Qg4 e5 37. dxe5 Bxe5 38. e4 Bxb2 39. exd5 Rc4 40. Re4
Rxe4 41. fxe4 Rb8 42. Rf1+ Kg8 43. Qf3 Qf6 44. Qe2 Qd4 45. Qb5 Qe5 46. Qxb4 Bd4
47. Qc4 Rd8 48. d6+ Kh8 49. Qf7 1-0

[Event "Oberliga Ost A 2017 2018"]
[Site "Germany"]
[Date "2018.01.21"]
[Round "5.4"]
[White "Salzmann, Peter"]
[Black "Heistermann, Till"]
[Result "1/2-1/2"]
[WhiteElo "2139"]
[BlackElo "2155"]
[PlyCount "24"]
[EventDate "2017.10.22"]
[EventType "team-tourn"]
[EventCountry "GER"]
[WhiteTeam "Dresden USV TU II"]
[BlackTeam "Leipzig SG II"]
[WhiteTeamCountry "GER"]
[BlackTeamCountry "GER"]

1. Nf3 c5 2. c4 g6 3. g3 Bg7 4. Nc3 Nf6 5. d4 cxd4 6. Nxd4 Nc6 7. Bg2 O-O 8.
O-O Nxd4 9. Qxd4 d6 10. Qh4 Qc7 11. Bg5 Be6 12. b3 a6 1/2-1/2

[Event "Oberliga Ost A 2017 2018"]
[Site "Germany"]
[Date "2018.01.21"]
[Round "5.5"]
[White "Pietzsch, Manuel"]
[Black "Ader, Gunter"]
[Result "1-0"]
[WhiteElo "2109"]
[BlackElo "2036"]
[PlyCount "71"]
[EventDate "2017.10.22"]
[EventType "team-tourn"]
[EventCountry "GER"]
[WhiteTeam "Leipzig SG II"]
[BlackTeam "Dresden USV TU II"]
[WhiteTeamCountry "GER"]
[BlackTeamCountry "GER"]

1. e4 d6 2. d4 Nf6 3. Nc3 g6 4. Be3 Bg7 5. f3 c6 6. Qd2 O-O 7. g4 e5 8. Nge2 b5
9. Ng3 Nbd7 10. g5 Ne8 11. d5 b4 12. Na4 c5 13. h4 f5 14. gxf6 Ndxf6 15. h5
Nxh5 16. Nxh5 gxh5 17. O-O-O Rxf3 18. Be2 Bg4 19. Rdg1 Nf6 20. Bxf3 Bxf3 21.
Bh6 Bg4 22. Qg5 Ne8 23. Rxh5 Bxh5 24. Qxh5 Qf6 25. b3 Kh8 26. Be3 Qf8 27. Nb2
Nf6 28. Qh4 Qe7 29. Nc4 Rg8 30. Bg5 Rf8 31. Ne3 Qd7 32. Nf5 Nxe4 33. Nxg7 Qxg7
34. Qxe4 Qg6 35. Qxg6 hxg6 36. Be7 1-0

[Event "Oberliga Ost A 2017 2018"]
[Site "Germany"]
[Date "2018.01.21"]
[Round "5.6"]
[White "Verhulst, Nicolaas"]
[Black "Liedtke, Matthias"]
[Result "1/2-1/2"]
[WhiteElo "2070"]
[BlackElo "2265"]
[PlyCount "130"]
[EventDate "2017.10.22"]
[EventType "team-tourn"]
[EventCountry "GER"]
[WhiteTeam "Dresden USV TU II"]
[BlackTeam "Leipzig SG II"]
[WhiteTeamCountry "GER"]
[BlackTeamCountry "GER"]

1. e4 e6 2. Qe2 Nf6 3. Nc3 d5 4. exd5 Nxd5 5. g3 Be7 6. Bg2 c5 7. Nf3 Nc6 8.
O-O O-O 9. Rd1 Nd4 10. Nxd4 cxd4 11. Nxd5 exd5 12. d3 Bf6 13. Re1 Be6 14. b3
Rc8 15. Bb2 Qa5 16. f4 Rc6 17. Qf2 Rfc8 18. Re2 Bg4 19. Rd2 g6 20. a3 h5 21. h3
Be6 22. Re2 Qb6 23. Kh2 Qc7 24. Rc1 Qb6 25. Bf3 a5 26. Rg1 Qc7 27. Rg2 Qd7 28.
g4 hxg4 29. hxg4 Qd6 30. Qg3 g5 31. fxg5 Bg7 32. Qxd6 Rxd6 33. a4 Kh7 34. Kg3
Kg6 35. Bc1 Rdc6 36. Bf4 Rc5 37. Rh2 b5 38. axb5 Rxb5 39. Be5 a4 40. bxa4 Ra5
41. Bxg7 Kxg7 42. Rh6 Rxa4 43. Reh2 Rg8 44. Kf4 Kf8 45. Rh8 Rxh8 46. Rxh8+ Kg7
47. Rd8 Ra5 48. Ke5 Ra2 49. Bxd5 Rxc2 50. Bxe6 Re2+ 51. Kxd4 fxe6 52. Ra8 e5+
53. Kd5 Re3 54. Kc4 Kg6 55. Rg8+ Kf7 56. Rh8 Kg6 57. Rg8+ Kf7 58. Rb8 Kg6 59.
Rb5 Kg7 60. Rd5 Kg6 61. Kc5 Kxg5 62. d4 Kf4 63. Kd6 exd4 64. Rxd4+ Kg5 65. Kd5
Re1 1/2-1/2

[Event "Oberliga Ost A 2017 2018"]
[Site "Germany"]
[Date "2018.01.21"]
[Round "5.7"]
[White "Roemling, Sven"]
[Black "Ledfuss, Guntram"]
[Result "1-0"]
[WhiteElo "2154"]
[BlackElo "2043"]
[PlyCount "95"]
[EventDate "2017.10.22"]
[EventType "team-tourn"]
[EventCountry "GER"]
[WhiteTeam "Leipzig SG II"]
[BlackTeam "Dresden USV TU II"]
[WhiteTeamCountry "GER"]
[BlackTeamCountry "GER"]

1. d4 Nf6 2. Nf3 g6 3. c4 Bg7 4. Nc3 O-O 5. e4 d6 6. Be2 e5 7. O-O Nc6 8. d5
Ne7 9. Ne1 Nd7 10. Nd3 f5 11. Bd2 Nf6 12. f3 f4 13. Nf2 Rf7 14. Rc1 Bf8 15. c5
g5 16. Nb5 Ng6 17. cxd6 cxd6 18. Qc2 Ne8 19. a4 Nh4 20. Nxa7 Bd7 21. Nb5 g4 22.
fxg4 f3 23. gxf3 Nxf3+ 24. Bxf3 Rxf3 25. Kg2 Rf7 26. Qb3 Qh4 27. Rc3 Kh8 28.
Rf3 Rxf3 29. Qxf3 Nf6 30. Nc3 Be7 31. Qg3 Nxg4 32. Nxg4 Bxg4 33. Qxh4 Bxh4 34.
Rf7 Rg8 35. Kf1 Bh3+ 36. Ke2 Rg2+ 37. Kd3 Rxh2 38. Bh6 Rf2 39. Rf8+ Rxf8 40.
Bxf8 Bf2 41. Bxd6 Bf1+ 42. Ne2 Bd4 43. b4 Kg7 44. Kd2 Kf6 45. Bc5 Bxc5 46. bxc5
Ke7 47. Ng3 Kd7 48. Nxf1 1-0

[Event "Oberliga Ost A 2017 2018"]
[Site "Germany"]
[Date "2018.01.21"]
[Round "5.8"]
[White "Schmalhofer, Adam"]
[Black "Hentze, Markus"]
[Result "1-0"]
[WhiteElo "2058"]
[BlackElo "2149"]
[PlyCount "69"]
[EventDate "2017.10.22"]
[EventType "team-tourn"]
[EventCountry "GER"]
[WhiteTeam "Dresden USV TU II"]
[BlackTeam "Leipzig SG II"]
[WhiteTeamCountry "GER"]
[BlackTeamCountry "GER"]

1. d4 Nf6 2. c4 e6 3. Nc3 Bb4 4. f3 O-O 5. e4 c5 6. d5 exd5 7. cxd5 Nh5 8. g3
d6 9. Bg2 f5 10. f4 Qe8 11. Nge2 fxe4 12. O-O Nf6 13. h3 b6 14. a3 Bxc3 15.
Nxc3 Ba6 16. Re1 Bd3 17. g4 Nbd7 18. g5 Nh5 19. Nxe4 Bxe4 20. Bxe4 Qf7 21. Qg4
Rae8 22. Bd2 Ne5 23. Qh4 g6 24. fxe5 Rxe5 25. Bg2 Qe7 26. Rf1 Ng7 27. Rxf8+
Qxf8 28. Bc3 Nf5 29. Qf2 Re3 30. Re1 Rg3 31. Bd2 Qf7 32. Kh2 Rd3 33. Re6 Qg7
34. Be4 Rxd2 35. Qxd2 1-0

[Event "Oberliga Ost A 2017 2018"]
[Site "Germany"]
[Date "2018.01.21"]
[Round "5.1"]
[White "Lechtynsky, Jiri"]
[Black "Puls, Thomas"]
[Result "1/2-1/2"]
[WhiteElo "2367"]
[BlackElo "2220"]
[PlyCount "79"]
[EventDate "2017.10.22"]
[EventType "team-tourn"]
[EventCountry "GER"]
[WhiteTeam "Hoyerswerda FVS ASP"]
[BlackTeam "Halle USV"]
[WhiteTeamCountry "GER"]
[BlackTeamCountry "GER"]

1. Nf3 f5 2. g3 Nf6 3. Bg2 g6 4. b3 Bg7 5. Bb2 d6 6. d4 O-O 7. O-O c6 8. Nbd2
Na6 9. e3 Ne4 10. a3 Qe8 11. Nc4 Nc7 12. Nfd2 Nxd2 13. Qxd2 g5 14. Rfe1 Qg6 15.
a4 Rf7 16. b4 Be6 17. Na5 Rb8 18. c4 d5 19. Rac1 f4 20. cxd5 Nxd5 21. exf4 gxf4
22. Nxc6 fxg3 23. hxg3 Rbf8 24. Ne5 Bxe5 25. Rxe5 Rxf2 26. Qxf2 Rxf2 27. Kxf2
Nxb4 28. Be4 Qh6 29. Re1 Qh2+ 30. Kf3 Bh3 31. Rg5+ Kf7 32. Re2 Qg1 33. d5 Qd1
34. Ke3 Ke8 35. Rg8+ Kd7 36. Rb8 Qb3+ 37. Kd4 Kc7 38. Re8 Kd7 39. Rb8 Kc7 40.
Re8 1/2-1/2

[Event "Oberliga Ost A 2017 2018"]
[Site "Germany"]
[Date "2018.01.21"]
[Round "5.3"]
[White "Hovsepyan, Vardan"]
[Black "Becker, Michael"]
[Result "1/2-1/2"]
[WhiteElo "2218"]
[BlackElo "2286"]
[PlyCount "120"]
[EventDate "2017.10.22"]
[EventType "team-tourn"]
[EventCountry "GER"]
[WhiteTeam "Hoyerswerda FVS ASP"]
[BlackTeam "Halle USV"]
[WhiteTeamCountry "GER"]
[BlackTeamCountry "GER"]

1. e4 c5 2. Nc3 Nc6 3. Nge2 g6 4. d4 cxd4 5. Nxd4 Bg7 6. Be3 Nf6 7. Be2 O-O 8.
O-O d5 9. exd5 Nxd5 10. Nxd5 Nxd4 11. Bxd4 Qxd5 12. Bxg7 Qxd1 13. Raxd1 Kxg7
14. Bf3 Bf5 15. Rd2 Rad8 16. Rfd1 Rxd2 17. Rxd2 e5 18. Bd5 Rd8 19. c4 Be6 20.
f3 f5 21. Kf2 Kf6 22. Ke3 Bxd5 23. cxd5 Ke7 24. Rd3 Kd6 25. f4 Re8 26. Rd2 h6
27. h3 exf4+ 28. Kxf4 Re4+ 29. Kf3 Re5 30. Rc2 Rxd5 31. Rc8 Ke5 32. Rc7 Rb5 33.
b3 g5 34. Re7+ Kf6 35. Rh7 Kg6 36. Rd7 Rb6 37. g3 h5 38. Ke3 a5 39. Rd5 Re6+
40. Kf3 b6 41. Rd8 g4+ 42. hxg4 hxg4+ 43. Kf2 Rc6 44. Rd2 Kf6 45. Re2 Rc3 46.
Kg2 b5 47. Rb2 a4 48. bxa4 bxa4 49. Re2 Rc4 50. Kf2 a3 51. Re8 Rc2+ 52. Kg1
Rxa2 53. Ra8 Ke5 54. Ra4 Re2 55. Rxa3 Ke4 56. Ra5 Kf3 57. Rxf5+ Kxg3 58. Rf1
Kh3 59. Ra1 g3 60. Rb1 Re3 1/2-1/2

[Event "Oberliga Ost A 2017 2018"]
[Site "Germany"]
[Date "2018.01.21"]
[Round "5.4"]
[White "Reipsch, Jens"]
[Black "Kesik, Klaus Dieter"]
[Result "1/2-1/2"]
[WhiteElo "2242"]
[BlackElo "2222"]
[PlyCount "115"]
[EventDate "2017.10.22"]
[EventType "team-tourn"]
[EventCountry "GER"]
[WhiteTeam "Halle USV"]
[BlackTeam "Hoyerswerda FVS ASP"]
[WhiteTeamCountry "GER"]
[BlackTeamCountry "GER"]

1. e4 e6 2. d4 d5 3. Nd2 h6 4. g3 Nf6 5. Bg2 c5 6. Ne2 Nc6 7. c3 cxd4 8. Nxd4
Nxd4 9. cxd4 dxe4 10. Nxe4 Nxe4 11. Bxe4 Bb4+ 12. Bd2 Bxd2+ 13. Qxd2 O-O 14.
O-O Qd6 15. Rfd1 Rd8 16. Qa5 b6 17. Qe5 Rb8 18. Rac1 Bb7 19. Bxb7 Rxb7 20. Rc8
Rbd7 21. Qxd6 Rxd6 22. Rxd8+ Rxd8 23. f4 Rc8 24. Rd2 Kf8 25. Kf2 Ke7 26. Ke3
Kd6 27. Ke4 Rc1 28. Re2 f5+ 29. Kd3 h5 30. Rc2 Rh1 31. Kc4 a6 32. a4 Rf1 33. h4
Rf3 34. Rc3 Rf2 35. b3 Rd2 36. Rd3 Rh2 37. Re3 Rh1 38. Rc3 Rf1 39. Re3 Rd1 40.
Rc3 Re1 41. Rd3 Kc6 42. Rc3 Re4 43. Rd3 a5 44. Rc3 Re1 45. b4 axb4 46. Kxb4+
Kb7 47. Rb3 Rd1 48. Kc4 Kc6 49. Re3 Rc1+ 50. Kb4 Kd6 51. Rb3 Rd1 52. Kc4 Kc6
53. Re3 Rc1+ 54. Kb4 Kd6 55. Rb3 Rd1 56. Kc4 Kc6 57. Re3 Rc1+ 58. Kb4 1/2-1/2

[Event "Oberliga Ost A 2017 2018"]
[Site "Germany"]
[Date "2018.01.21"]
[Round "5.5"]
[White "Jahnel, Guenther"]
[Black "Hartge, Gedeon"]
[Result "0-1"]
[WhiteElo "2222"]
[BlackElo "2144"]
[PlyCount "64"]
[EventDate "2017.10.22"]
[EventType "team-tourn"]
[EventCountry "GER"]
[WhiteTeam "Hoyerswerda FVS ASP"]
[BlackTeam "Halle USV"]
[WhiteTeamCountry "GER"]
[BlackTeamCountry "GER"]

1. d4 Nf6 2. c4 c5 3. d5 b5 4. cxb5 a6 5. b6 e6 6. e4 Nxe4 7. dxe6 fxe6 8. Nc3
Nf6 9. Qb3 Bb7 10. Nf3 d5 11. Na4 Bd6 12. Be2 O-O 13. Bg5 Qe8 14. O-O Ne4 15.
Bh4 Nd7 16. Bg3 Nxg3 17. hxg3 Kh8 18. Qc2 e5 19. Ng5 e4 20. Bg4 Ne5 21. Bh3 Qc6
22. Ne6 Rf6 23. Rac1 Nd3 24. Naxc5 Nxc1 25. Rxc1 Bc8 26. Nd4 Qxb6 27. Ndb3 Bxh3
28. gxh3 Rc8 29. Qc3 a5 30. Qe3 Bxc5 31. Rxc5 Rxc5 32. Nxc5 Rc6 0-1

[Event "Oberliga Ost A 2017 2018"]
[Site "Germany"]
[Date "2018.01.21"]
[Round "5.6"]
[White "Schulte, Felix"]
[Black "Graf, Roland"]
[Result "1/2-1/2"]
[WhiteElo "1967"]
[BlackElo "2103"]
[PlyCount "34"]
[EventDate "2017.10.22"]
[EventType "team-tourn"]
[EventCountry "GER"]
[WhiteTeam "Halle USV"]
[BlackTeam "Hoyerswerda FVS ASP"]
[WhiteTeamCountry "GER"]
[BlackTeamCountry "GER"]

1. d4 Nf6 2. c4 g6 3. f3 d5 4. cxd5 Nxd5 5. e4 Nb6 6. Nc3 Bg7 7. Be3 O-O 8. Qd2
Nc6 9. O-O-O Qd6 10. f4 Rd8 11. Nf3 Bg4 12. d5 Qb4 13. a3 Qb3 14. Qc2 Qxc2+ 15.
Kxc2 Na5 16. Be2 Nac4 17. Bc1 Rac8 1/2-1/2

[Event "Oberliga Ost A 2017 2018"]
[Site "Germany"]
[Date "2018.01.21"]
[Round "5.7"]
[White "Heyme, Sibylle"]
[Black "Luther, Juergen"]
[Result "1/2-1/2"]
[WhiteElo "2011"]
[BlackElo "2157"]
[PlyCount "20"]
[EventDate "2017.10.22"]
[EventType "team-tourn"]
[EventCountry "GER"]
[WhiteTeam "Hoyerswerda FVS ASP"]
[BlackTeam "Halle USV"]
[WhiteTeamCountry "GER"]
[BlackTeamCountry "GER"]

1. Nf3 d5 2. c4 Nf6 3. d4 c6 4. g3 Bg4 5. Bg2 e6 6. O-O Bd6 7. Nbd2 Nbd7 8. Re1
h6 9. Qb3 Rb8 10. e4 dxe4 1/2-1/2

[Event "Oberliga Ost A 2017 2018"]
[Site "Germany"]
[Date "2018.01.21"]
[Round "5.8"]
[White "Groeger, Stefan"]
[Black "Grohmann, Alexander"]
[Result "1/2-1/2"]
[WhiteElo "2150"]
[BlackElo "1916"]
[PlyCount "51"]
[EventDate "2017.10.22"]
[EventType "team-tourn"]
[EventCountry "GER"]
[WhiteTeam "Halle USV"]
[BlackTeam "Hoyerswerda FVS ASP"]
[WhiteTeamCountry "GER"]
[BlackTeamCountry "GER"]

1. d4 d5 2. Nf3 e6 3. c4 Be7 4. Nc3 Nf6 5. Bf4 c6 6. e3 O-O 7. Bd3 Nbd7 8. h3
dxc4 9. Bxc4 Nd5 10. Bg3 N7f6 11. O-O Nxc3 12. bxc3 Ne4 13. Qd3 Nxg3 14. fxg3
Qc7 15. g4 b6 16. Rf2 b5 17. Bb3 a5 18. Raf1 a4 19. Bc2 g6 20. Ne5 f5 21. e4
Bf6 22. exf5 exf5 23. Qg3 Bxe5 24. dxe5 f4 25. Rxf4 Be6 26. a3 1/2-1/2

[Event "Oberliga Ost A 2017 2018"]
[Site "Germany"]
[Date "2018.01.21"]
[Round "5.1"]
[White "Kuraszkiewicz, Michael"]
[Black "Schmidt Schaeffer, Sebastian"]
[Result "0-1"]
[WhiteElo "2303"]
[BlackElo "2373"]
[PlyCount "126"]
[EventDate "2017.10.22"]
[EventType "team-tourn"]
[EventCountry "GER"]
[WhiteTeam "Plauen SK Koenig"]
[BlackTeam "Naumburger SV"]
[WhiteTeamCountry "GER"]
[BlackTeamCountry "GER"]

1. d4 f5 2. Nf3 Nf6 3. g3 e6 4. Bg2 d5 5. O-O Bd6 6. c4 c6 7. Qc2 O-O 8. Nc3
Qe7 9. Rb1 Nbd7 10. cxd5 exd5 11. Bf4 Bxf4 12. gxf4 Ne4 13. b4 Nb6 14. Ne5 Be6
15. Nd1 Rf6 16. f3 Nd6 17. Nb2 Rh6 18. e3 Nb5 19. Qd2 Na3 20. Rbc1 Qh4 21. h3
Qe7 22. Nbd3 Nac4 23. Qf2 a5 24. bxa5 Rxa5 25. Rc3 Qh4 26. Rb3 Qxf2+ 27. Rxf2
Bc8 28. Nc5 Ra7 29. Bf1 Nxe5 30. fxe5 Nd7 31. Nxd7 Bxd7 32. Rb6 f4 33. exf4 Rh4
34. Rfb2 Bc8 35. Kf2 Rxf4 36. Ke3 g5 37. Rg2 h6 38. Rgb2 Kf7 39. R6b4 Ra3+ 40.
R4b3 Ra7 41. Rb4 Ra3+ 42. R4b3 Ra4 43. Rb4 Rxb4 44. Rxb4 c5 45. Rb6 cxd4+ 46.
Kf2 h5 47. Kg2 d3 48. Bxd3 Bxh3+ 49. Kg3 h4+ 50. Kxh3 Rxf3+ 51. Kg4 Rxd3 52.
Kf5 Rf3+ 53. Kg4 Rf2 54. a4 d4 55. Rd6 Rg2+ 56. Kf5 h3 57. Rd7+ Ke8 58. Rh7 g4
59. Ke6 Kf8 60. Kf6 Rf2+ 61. Ke6 d3 62. Rh8+ Kg7 63. Rh4 Rf4 0-1

[Event "Oberliga Ost A 2017 2018"]
[Site "Germany"]
[Date "2018.01.21"]
[Round "5.2"]
[White "Heinrich, Julius Tobias"]
[Black "Sandner, Gunter"]
[Result "0-1"]
[WhiteElo "2129"]
[BlackElo "2255"]
[PlyCount "58"]
[EventDate "2017.10.22"]
[EventType "team-tourn"]
[EventCountry "GER"]
[WhiteTeam "Naumburger SV"]
[BlackTeam "Plauen SK Koenig"]
[WhiteTeamCountry "GER"]
[BlackTeamCountry "GER"]

1. e4 g6 2. d4 Bg7 3. f4 c5 4. d5 d6 5. Nf3 Nf6 6. Bb5+ Bd7 7. Bxd7+ Qxd7 8.
Qd3 O-O 9. O-O Na6 10. c4 e6 11. Nc3 exd5 12. exd5 Rfe8 13. a3 Nc7 14. Rb1 Rab8
15. f5 b5 16. fxg6 hxg6 17. Bg5 bxc4 18. Qxc4 Qg4 19. Qd3 c4 20. Qd2 Ne4 21.
Nxe4 Rxe4 22. h3 Qf5 23. Qa5 Nxd5 24. Nd2 Qxg5 25. Nxe4 Qe3+ 26. Kh1 Qxe4 27.
Qxa7 Rf8 28. Rbe1 Qh4 29. Qd7 Nf6 0-1

[Event "Oberliga Ost A 2017 2018"]
[Site "Germany"]
[Date "2018.01.21"]
[Round "5.3"]
[White "Kunze, Carlo"]
[Black "Gering, Samuel"]
[Result "1-0"]
[WhiteElo "2235"]
[BlackElo "2087"]
[PlyCount "75"]
[EventDate "2017.10.22"]
[EventType "team-tourn"]
[EventCountry "GER"]
[WhiteTeam "Plauen SK Koenig"]
[BlackTeam "Naumburger SV"]
[WhiteTeamCountry "GER"]
[BlackTeamCountry "GER"]

1. d4 g6 2. c4 Bg7 3. Nf3 d6 4. e4 e5 5. Nc3 Nc6 6. Be3 Nf6 7. h3 O-O 8. Be2
Bd7 9. Qc2 Nh5 10. dxe5 dxe5 11. Rd1 Qe8 12. Nd5 Rc8 13. Bc5 f5 14. Bxf8 Qxf8
15. O-O Qe8 16. Rfe1 Nf6 17. Nxf6+ Bxf6 18. c5 Kg7 19. Bb5 f4 20. Rd2 g5 21.
Red1 Be6 22. Bc4 h5 23. Bxe6 Qxe6 24. Qb3 Qxb3 25. axb3 Kf7 26. Rd7+ Ne7 27.
Rd8 Ke6 28. Kf1 b6 29. Ke2 bxc5 30. Rxc8 Nxc8 31. Rd5 c6 32. Rxc5 Kd6 33. Ra5
Ke6 34. Kd3 Kd6 35. Nd2 Ke6 36. Nc4 Bg7 37. b4 Bf6 38. Ra6 1-0

[Event "Oberliga Ost A 2017 2018"]
[Site "Germany"]
[Date "2018.01.21"]
[Round "5.4"]
[White "Huth, Volkmar"]
[Black "Hoerr, Matthias"]
[Result "1/2-1/2"]
[WhiteElo "2121"]
[BlackElo "2196"]
[PlyCount "120"]
[EventDate "2017.10.22"]
[EventType "team-tourn"]
[EventCountry "GER"]
[WhiteTeam "Naumburger SV"]
[BlackTeam "Plauen SK Koenig"]
[WhiteTeamCountry "GER"]
[BlackTeamCountry "GER"]

1. d4 Nf6 2. c4 e6 3. Nf3 b6 4. Nc3 Bb7 5. a3 d5 6. Bg5 dxc4 7. e3 Be7 8. Bxc4
O-O 9. O-O h6 10. Bf4 Nd5 11. Nxd5 exd5 12. Bd3 Nd7 13. Rc1 c5 14. Ne5 Nf6 15.
Bb1 Re8 16. g4 Bd6 17. Bg3 Ne4 18. f4 Rc8 19. g5 Bxe5 20. Bxe4 Bxd4 21. exd4
dxe4 22. dxc5 hxg5 23. Qxd8 Rexd8 24. cxb6 gxf4 25. Bxf4 axb6 26. Rxc8 Rxc8 27.
Rc1 Rxc1+ 28. Bxc1 b5 29. Kf2 Kf8 30. Ke3 Ke7 31. Kd4 Bc6 32. Kc5 Bd7 33. Kd4
Bc6 34. Kc5 Bd7 35. Kd4 f5 36. Ke5 Kf7 37. h4 Kg6 38. Kf4 Kh5 39. Kg3 Be6 40.
Be3 Bc4 41. Bd4 g5 42. hxg5 Kxg5 43. Be3+ Kf6 44. Kf4 Ke6 45. Bb6 Bf1 46. Ke3
Kd5 47. Kf4 Bh3 48. Ke3 Kc4 49. Bc7 Bg2 50. Be5 Kb3 51. Bf6 Kc2 52. Be5 Bf3 53.
Bd4 Bg4 54. Be5 Bh5 55. Bd4 Bg6 56. Be5 Bh7 57. Bd4 Bg8 58. Be5 Bh7 59. Bd4 Kb3
60. Be5 Kc4 1/2-1/2

[Event "Oberliga Ost A 2017 2018"]
[Site "Germany"]
[Date "2018.01.21"]
[Round "5.5"]
[White "Pfretzschner, Roland"]
[Black "Fritsch, Andreas"]
[Result "1/2-1/2"]
[WhiteElo "2211"]
[BlackElo "2102"]
[PlyCount "88"]
[EventDate "2017.10.22"]
[EventType "team-tourn"]
[EventCountry "GER"]
[WhiteTeam "Plauen SK Koenig"]
[BlackTeam "Naumburger SV"]
[WhiteTeamCountry "GER"]
[BlackTeamCountry "GER"]

1. e4 Nc6 2. Nc3 Nf6 3. d4 d5 4. e5 Nd7 5. Be3 Nb6 6. a3 Bf5 7. Be2 e6 8. f4
Be7 9. Nf3 O-O 10. b4 a5 11. b5 Nb8 12. O-O N8d7 13. Nd2 Bg6 14. g4 f6 15. Nf3
c5 16. bxc6 bxc6 17. Bd3 Bxd3 18. cxd3 fxe5 19. fxe5 c5 20. dxc5 Nxc5 21. Rb1
Nbd7 22. Nb5 Rxf3 23. Rxf3 Nxe5 24. Rh3 Nexd3 25. Qc2 e5 26. Bxc5 Bxc5+ 27. Kg2
Nf4+ 28. Kg3 Nxh3 29. Qxc5 Ng5 30. Qe3 Ne4+ 31. Kg2 Qh4 32. h3 Rf8 33. Rb2 Qf6
34. Qd3 Qf7 35. Nc7 Nf6 36. Nb5 d4 37. a4 Nd5 38. Kg1 Ne3 39. Nd6 Qd5 40. Ne4
h6 41. Kh2 Rf4 42. Rb8+ Kf7 43. Rb7+ Kg8 44. Rb8+ Kf7 1/2-1/2

[Event "Oberliga Ost A 2017 2018"]
[Site "Germany"]
[Date "2018.01.21"]
[Round "5.6"]
[White "Haertig, Jens"]
[Black "Zaehringer, Daniel"]
[Result "1-0"]
[WhiteElo "2140"]
[BlackElo "2015"]
[PlyCount "29"]
[EventDate "2017.10.22"]
[EventType "team-tourn"]
[EventCountry "GER"]
[WhiteTeam "Naumburger SV"]
[BlackTeam "Plauen SK Koenig"]
[WhiteTeamCountry "GER"]
[BlackTeamCountry "GER"]

1. c4 e6 2. Nc3 d5 3. d4 c6 4. e4 dxe4 5. Nxe4 Bb4+ 6. Bd2 Qxd4 7. Bxb4 Qxe4+
8. Be2 Na6 9. Bd6 Ne7 10. Nf3 Nf5 11. O-O c5 12. Bd3 Qc6 13. Bxf5 exf5 14. Ne5
Qb6 15. Qa4+ 1-0

[Event "Oberliga Ost A 2017 2018"]
[Site "Germany"]
[Date "2018.01.21"]
[Round "5.7"]
[White "Burian, Simon"]
[Black "Muekke, Jens Frieder"]
[Result "1/2-1/2"]
[WhiteElo "1958"]
[BlackElo "1993"]
[PlyCount "79"]
[EventDate "2017.10.22"]
[EventType "team-tourn"]
[EventCountry "GER"]
[WhiteTeam "Plauen SK Koenig"]
[BlackTeam "Naumburger SV"]
[WhiteTeamCountry "GER"]
[BlackTeamCountry "GER"]

1. e4 e6 2. d4 d5 3. Nd2 Nf6 4. e5 Nfd7 5. f4 c5 6. c3 Nc6 7. Ndf3 cxd4 8. cxd4
Be7 9. a3 f6 10. Bd3 O-O 11. Qc2 f5 12. Ne2 Nb6 13. Bd2 Bd7 14. Rc1 Rc8 15. Qb1
Qe8 16. O-O Qg6 17. b4 Nb8 18. Qa2 a6 19. Nc3 Nc4 20. Bxc4 Rxc4 21. Rc2 Rfc8
22. Rfc1 Qe8 23. Be3 Qd8 24. Nd2 R4c7 25. Qb3 b5 26. Nd1 Rxc2 27. Rxc2 Rxc2 28.
Qxc2 Qc8 29. Qxc8+ Bxc8 30. Nb3 Nc6 31. Nf2 Kf7 32. Nd3 h6 33. Kf2 a5 34. bxa5
Bxa3 35. Ke2 Ke7 36. Bc1 b4 37. Bd2 Ba6 38. Ke3 Bc4 39. Ndc5 Bb2 40. g3 1/2-1/2